000
00312nam a2200121Ia 4500
008
190216s9999||||xx |||||||||||||| ||und||
100
_a
Gulati S R
245
0
_a
History Of England Since 1760
260
_b
Malhotra Book Depo
_c
1979
300
_a
823p
650
_a
World History-History Of England
942
_c
BK
999
_c
19356
_d
19356